000 00760 a2200229 4500
005 20250411161937.0
020 _a0797411674
050 _aS631
_bWHI 1992
100 _aWhingwiri, E.E.
_eeditor
245 _aSmall scale agriculture in Zimbabwe :
_bbook two, field crop /
_cE. Whingiri, K. Mashingaidze and M. Rukini
264 _aHarare :
_bRockwood Publishers,
_c1992
300 _a193pages :
_billustrations (col.our)
336 _2rdacontent
_atext
_btxt
337 _2rdamedia
_aunmediated
_bn
338 _2rdacarrier
_avolume
_bnc
500 _aIncludes index
650 _aAgriculture -- Small scale
_xZimbabwe
700 _aWhingwiri, E.
_eeditor
700 _aMashingaidze. K.
_eeditor
700 _aRukini, M.
_eeditor
942 _2lcc
_cBK
_h631
_iWHI
_kS
999 _c5696
_d5696